Central Library OPAC University of Rajshahi

The nineteenth-century novel : (Record no. 54922)

MARC details
000 -LEADER
fixed length control field 00858nam a2200265 a 4500
001 - CONTROL NUMBER
control field 54922
003 - CONTROL NUMBER IDENTIFIER
rucl marc code BD-RJUL
005 - DATE AND TIME OF LATEST TRANSACTION
control field 20211209080205.0
008 - FIXED-LENGTH DATA ELEMENTS--GENERAL INFORMATION
fixed length control field 161112r20052001enk b 001 0 eng d
020 ## - INTERNATIONAL STANDARD BOOK NUMBER
International Standard Book Number 0415238285
035 ## - SYSTEM CONTROL NUMBER
System control number BD-RjUL55044
System control number (OCoLC)46941087
040 ## - CATALOGING SOURCE
Original cataloging agency BDS
Language of cataloging eng
Transcribing agency BD-RjUL
041 ## - LANGUAGE CODE
Language code of text/sound track or separate title eng
082 14 - DEWEY DECIMAL CLASSIFICATION NUMBER
Classification number 823.809
Edition number 23
Author mark and year NIN 2005
245 04 - TITLE STATEMENT
Title The nineteenth-century novel :
Remainder of title a critical reader /
Statement of responsibility, etc. edited by Stephen Regan.
260 ## - PUBLICATION, DISTRIBUTION, ETC. (IMPRINT)
Place of publication, distribution, etc. London :
Name of publisher, distributor, etc. Routledge,
Date of publication, distribution, etc. 2001 [reprint 2005]
300 ## - PHYSICAL DESCRIPTION
Pagination xii, 573 p. ;
Size 24 cm.
504 ## - BIBLIOGRAPHY, ETC. NOTE
Bibliography, etc Includes bibliographic references and index.
581 8# - PUBLICATIONS ABOUT DESCRIBED MATERIALS NOTE
Publications about described materials note Published in association with the Open University
650 #0 - SUBJECT ADDED ENTRY--TOPICAL TERM
Topical term or geographic name as entry element English Fiction
Chronological subdivision 19th century
General subdivision History and criticism.
9 (RLIN) 124434
700 1# - ADDED ENTRY--PERSONAL NAME
Personal name Regan, Stephen,
Dates associated with a name 1957-
942 ## - ADDED ENTRY ELEMENTS (KOHA)
Source of classification or shelving scheme Dewey Decimal Classification
Koha item type Books
Holdings
Lost status Source of classification or shelving scheme Damaged status Not for loan Collection code Permanent Location Current Location Shelving location Date acquired Source of acquisition Cost, normal purchase price Total Checkouts Full call number Date last seen Copy number Koha item type
  Dewey Decimal Classification     Fiction Central Library, University of Rajshahi Central Library, University of Rajshahi   30/03/2006 Paragon Enterprises Dhaka 19.99   823.809 NIN 2005 12/11/2016 C-2 Books
  Dewey Decimal Classification   Not For Loan Fiction Central Library, University of Rajshahi Central Library, University of Rajshahi Reading Room 30/03/2006 Paragon Enterprises Dhaka 19.99   823.809 NIN 2005 28/01/2017 C-1 Books